Home Print Resources E-Books E-Journals IIMT Lecture Series Library Membership Form Book Recommendation Form Campus Tour Take AdmissionAbout Us Contact Us

ADVANCED RESEARCH METHODOLOGY (Record no. 56066)

000 -LEADER
fixed length control field 00396nam a22001577a 4500
003 - CONTROL NUMBER IDENTIFIER
control field OSt
005 - DATE AND TIME OF LATEST TRANSACTION
control field 20231212065259.0
008 - FIXED-LENGTH DATA ELEMENTS--GENERAL INFORMATION
fixed length control field 221123b xxu||||| |||| 00| 0 eng d
020 ## - INTERNATIONAL STANDARD BOOK NUMBER
International Standard Book Number 978-81-8457-446-3
040 ## - CATALOGING SOURCE
Transcribing agency IIMT UNIVERSITY
100 ## - MAIN ENTRY--PERSONAL NAME
Personal name BHALLA, R.K
245 ## - TITLE STATEMENT
Title ADVANCED RESEARCH METHODOLOGY
260 ## - PUBLICATION, DISTRIBUTION, ETC.
Place of publication, distribution, etc. NEW DELHI
Name of publisher, distributor, etc. KANISHKA PUB.
Date of publication, distribution, etc. 2019
300 ## - PHYSICAL DESCRIPTION
Extent 532 (2BOOK SET)
942 ## - ADDED ENTRY ELEMENTS (KOHA)
Source of classification or shelving scheme
Koha item type Text-Book- for 7 days
Holdings
Withdrawn status Lost status Source of classification or shelving scheme Damaged status Not for loan Home library Current library Date acquired Source of acquisition Cost, normal purchase price Inventory number Total Checkouts Full call number Barcode Date last seen Date last checked out Uniform Resource Identifier Price effective from Koha item type
          IIMT University Central Library Meerut IIMT University Central Library Meerut 11/23/2022 ARISTA PUB. 3000.00 HO/IN/116 2 001.42 KAU 01-B-138368 01/31/2024 01/08/2024 MANAGEMENT 11/23/2022 Reference Book
          IIMT University Central Library Meerut IIMT University Central Library Meerut 11/23/2022 ARISTA PUB. 3000.00 HO/IN/116   001.42 KAU 01-B-138369 11/23/2022   MANAGEMENT 11/23/2022 Text-Book- for 7 days
          IIMT University Central Library Meerut IIMT University Central Library Meerut 11/23/2022 ARISTA PUB. 3000.00 HO/IN/116 1 001.42 KAU 01-B-138370 12/26/2022 12/26/2022 MANAGEMENT 11/23/2022 Text-Book- for 7 days
          IIMT University Central Library Meerut IIMT University Central Library Meerut 11/23/2022 ARISTA PUB. 3000.00 HO/IN/116 2 001.42 KAU 01-B-138371 01/31/2024 01/08/2024 MANAGEMENT 11/23/2022 Reference Book
IIMT, Central Library. All Rights Reserved IIMT,UNIVERSITY © 2023
Implemented and Customised by I CLOUDE EMS
You Are OPAC Visitor No
free web counter

Powered by Koha